Border identities : nation and state at international frontiers

Αποθηκεύτηκε σε:
Λεπτομέρειες βιβλιογραφικής εγγραφής
Άλλοι συγγραφείς: Wilson, Thomas M. (Επιμελητής έκδοσης), Donnan, Hastings (Επιμελητής έκδοσης)
Μορφή: Βιβλίο
Γλώσσα:English
Δημοσίευση: Cambridge, UK ; New York : Cambridge University Press, 1998
Θέματα:
Ετικέτες: Προσθήκη ετικέτας
Δεν υπάρχουν, Καταχωρήστε ετικέτα πρώτοι!

MARC

LEADER 00000nam a2200000 i 4500
001 1/75864
008 050509s1998 eng d
020 |a 052158745X (pbk) 
020 |a 0-521-58315-2 (hbk) 
035 |l 10077821 
040 |a GR-MY-UA  |b gre  |e aacr 
041 0 |a eng 
082 0 |a 306.2  |2 (21) 
245 1 0 |a Border identities :  |b nation and state at international frontiers /  |c edited by M. Wilson and Hastings Donnan 
260 |a Cambridge, UK ; New York :   |b Cambridge University Press,   |c 1998 
300 |a xi, 301 σ.;  |b χαρτ.;  |c 24 εκ. 
504 |a Περιέχει βιβλιογραφία και ευρετήρια 
650 0 0 |a Boundaries  |x Case studies. 
650 0 0 |a Ethnicity  |x Case studies. 
650 0 0 |a Nationalism  |x Case studies. 
700 1 |a Wilson, Thomas M.  |4 edt 
700 1 |a Donnan, Hastings.  |4 edt 
852 |a INST  |b LESVOS  |e 20050509  |h 306.2 BOR  |p 005100027709  |q 005100027709  |t BK  |y 0 
852 |a INST  |b LESVOS  |e 20081003  |h 306.2 BOR  |p 005100042945  |q 005100042945  |t BK  |y 0 
901 |a BIBL1-2005-2 
901 |a BIBL1-2008-3 
909 |a Λ  |b 116460 
909 |a Λ  |b 145189 
922 |a 1ΕΛΗ  |b 200411  |c ΕΠΕΑΕΚ2/ΤΓ  |d ΜΙΧΑΛΟΠΟΥΛΟΣ 
922 |a 1ΕΛΗ  |b 200801  |c ΕΠΕΑΕΚ2/ΤΓ  |d ΠΑΠΑΣΩΤΗΡΙΟΥ 
950 |a 118-2004-09-22 
970 |a ΚΑΡΑ  |b ΓΙΑΣΕΜΗ  |z 2005/05/17